Thành phố trên bãi hoang Tập truyện T.2
সংরক্ষণ করুন:
| প্রধান লেখক: | |
|---|---|
| বিন্যাস: | গ্রন্থ |
| প্রকাশিত: |
Đồng Nai
Đồng Nai
1987
|
| বিষয়গুলি: | |
| ট্যাগগুলো: |
ট্যাগ যুক্ত করুন
কোনো ট্যাগ নেই, প্রথমজন হিসাবে ট্যাগ করুন!
|
| Thư viện lưu trữ: | Trung tâm Học liệu Lê Vũ Hùng, Trường Đại học Đồng Tháp |
|---|
| LEADER | 00787pam a22002298a 4500 | ||
|---|---|---|---|
| 001 | 00022370 | ||
| 005 | 20171026081023.0 | ||
| 008 | 110530s1987 ||||||Viesd | ||
| 041 | 0 | # | |a Vie |
| 082 | 1 | # | |a 398.209 47 |b TH107PH |
| 100 | 0 | # | |a Hữu Tuấn |e Dịch |
| 245 | 0 | 0 | |a Thành phố trên bãi hoang |b Tập truyện |c Hữu Tuấn |n T.2 |
| 260 | # | # | |a Đồng Nai |b Đồng Nai |c 1987 |
| 300 | # | # | |a 166 tr. |c 19 cm. |
| 500 | # | # | |a Truyện cổ dân gian các dân tộc Liên Xô |
| 650 | |a Văn học dân gian Liên Xô | ||
| 653 | # | # | |a Truyện cổ |
| 852 | # | # | |b Kho đọc |j KD.0007640 |
| 852 | # | # | |j KD.0007640 |
| 910 | # | # | |a Hoa Lê |d 30/05/2011 |
| 980 | # | # | |a Trung tâm Học liệu Lê Vũ Hùng, Trường Đại học Đồng Tháp |